Score 0/30 Timer 10:00
0 Plays Today
Hint Answer % Correct
What is the name of Dr. Cox and Jordan's Son?Jack
94%
How many times was Turks engagement ring to Carla swallowed?2
91.4%
How many doors does Elliot have knocked off her car?2
88.4%
What is the name of the dog Carla replaces Rowdy with?Steven
86.3%
What is the name of the woman that the Janitor ends up marrying?Lady
86.3%
What is JD's scooters name?Sasha
86.3%
What is Keith's last name?Dudemeister
82%
What is the name of the game the Janitor convinces JD to play?Jigglyball
79.8%
Who does Danni makeout with at Turk and Carla's wedding?Doug and Ted
70.8%
Who does Turk battle for a spot outside where they both like to eat lunch?Dr.Kelso
70.4%
What is the Todd famous for wearing?banana hammock
70%
When Dr.Cox hurts his back who wheels him out on a stretcher?Carla
68.2%
The Todd hates what type of surgeries?Breast reduction
67.4%
What cd did JD's brother Dan buy to try and impress Elliot?Dido
66.1%
What does Turk say he wants from Carla as a anniversary gift?Brinner
64.8%
Hint Answer % Correct
When JD is passed out drunk a group of gay men take him where?Las Vegas
64.8%
How big is the plot of land that JD buys to eventually build a home on?Half acre
64.4%
What do you need to bring if you are staying over at Turk and JD's?Toilet Paper
63.9%
Who guest stars as JD's girlfriend Julie?Mandy Moore
60.1%
Where does the Janitor lock JD in an episode?Water tower
60.1%
In season 1 JD is in the hospital on Thanksgiving for what reason?Appendicitis
52.8%
What show does JD end up running on while in Vegas?Blue Man Group
51.9%
How many Sunday's off a year does Ted get?7
45.5%
What do Dr. Cox and Jordan find out from Ted after he realizes he made a paperwork mistake?They are still married
41.2%
Who played JD's father in the show?John Ritter
40.3%
What food related championship did JD win as a kid?Watermelon seed spitting
33%
What is the Janitor's bunny/saltshakers name?Dingo
26.2%
What does he say he will give Carla in return for Brinner?Anything she wants from the jewelry store
24.5%
When a patient has a lightbulb in his butt what is Doug's idea to get it out?Shake him like a beach towel
12%
What is JD's conscience portaryed as?A bunny in a gym suit
4.7%
Remove Ads.
Support Sporcle.
Get the best of Sporcle when you Go Orange. This ad-free experience offers more features, more stats, and more fun while also helping to support Sporcle. Thank you for becoming a member.

You're not logged in!

Compare scores with friends on all Sporcle quizzes.
OR
Log In

Show Comments

Extras

Created Nov 29, 2010ReportNominate
Tags:Scrubs

Top Quizzes Today


Score Distribution

Your Account Isn't Verified!

In order to create a playlist on Sporcle, you need to verify the email address you used during registration. Go to your Sporcle Settings to finish the process.

Report this User

Report this user for behavior that violates our Community Guidelines.

Details: